000 01127cam a2200229 4500500
005 20260329000024.0
041 _afre
042 _adc
100 1 0 _aBelleney, Delphine
_eauthor
700 1 0 _aCouarc'h, Thibault
_eauthor
700 1 0 _aGrenier, Nicolas
_eauthor
700 1 0 _aPelletier, Corinne
_eauthor
700 1 0 _aPriet, Benoît
_eauthor
700 1 0 _aRenaut, Cédric
_eauthor
700 1 0 _aRICHARD, Yannick
_eauthor
700 1 0 _aRosard, Frédéric
_eauthor
700 1 0 _aSOURFLAIS, Albert
_eauthor
245 0 0 _aConcours Gardien de la paix 2025-2026 -Tout-en-un
260 _bDunod,
_c2025.
520 _aToutes les épreuves: Résolution d’un ou de plusieurs cas pratiques. QCM de culture générale. QCM de langue étrangère. Tests psychotechniques. Épreuves physiques. Entretien de recrutement avec le jury.QCM, exercices d’entraînement et sujets d’annales pour réviser et s’entraîner.Inscriptions: mai à juillet 2025. Épreuves: septembre 2025.
856 4 1 _uhttps://droit.cairn.info/concours-gardien-de-la-paix-2025-2026-tout-en-un--9782100876655?lang=fr&redirect-ssocas=7080
999 _c1791965
_d1791965